000 00712nam a2200265Ia 4500
005 20260121170058.0
008 008 260114s9999 xx 000 0 eng d
020 _a9783319447780
037 _aEBOOK
040 _aCRL
040 _beng
040 _cCRL
041 _2eng
041 _aeng
084 _qCRL
100 _aAlessandro E.P. Villa, Paolo Masulli, Antonio Javier Pons Rivero
_91059547
245 0 _aArtificial Neural Networks and Machine Learning – ICANN 2016
260 _bSpringer
260 _bSpringer
260 _c2016
856 _uhttps://link.springer.com/openurl?genre=book&isbn=978-3-319-44778-0
942 _cEBOOK
999 _c1625276
_d1625276